judicial

Derecho procesal familiar: (Registro nro. 6520)

Detalles MARC
000 -LEADER
fixed length control field 01536nam a22005057a 4500
003 - CONTROL NUMBER IDENTIFIER
control field OSt
005 - DATE AND TIME OF LATEST TRANSACTION
control field 20260407121241.0
007 - PHYSICAL DESCRIPTION FIXED FIELD--GENERAL INFORMATION
fixed length control field ta
008 - FIXED-LENGTH DATA ELEMENTS--GENERAL INFORMATION
fixed length control field 260407s2025 ag ||||| |||| 00| 0 spa d
020 ## - INTERNATIONAL STANDARD BOOK NUMBER
International Standard Book Number 9786313200252
040 ## - CATALOGING SOURCE
Transcribing agency cj catamarca
082 ## - DEWEY DECIMAL CLASSIFICATION NUMBER
Classification number 347.61 G897 I
100 10 - MAIN ENTRY--PERSONAL NAME
9 (RLIN) 1
Personal name Guahnon, Silvia V.
245 10 - TITLE STATEMENT
Title Derecho procesal familiar:
Remainder of title Procesos de familia concordados con los ordenamientos provinciales
250 ## - EDITION STATEMENT
Edition statement 1º ed.
260 ## - PUBLICATION, DISTRIBUTION, ETC.
Place of publication, distribution, etc. Buenos Aires:
Name of publisher, distributor, etc. Hammurabi,
Date of publication, distribution, etc. 2025
300 ## - PHYSICAL DESCRIPTION
Extent V.1, 864 p.
Dimensions 25 cm
500 ## - GENERAL NOTE
General note INVENTARIO Nº 8143
650 #7 - SUBJECT ADDED ENTRY--TOPICAL TERM
Source of heading or term SAIJ
653 ## - INDEX TERM--UNCONTROLLED
Uncontrolled term DERECHO PROCESAL CIVIL
653 ## - INDEX TERM--UNCONTROLLED
Uncontrolled term PROCESOS DE FAMILIA
653 ## - INDEX TERM--UNCONTROLLED
Uncontrolled term PROCESO-FAMILIA-PRINCIPIOS
653 ## - INDEX TERM--UNCONTROLLED
Uncontrolled term PROCESOS FAMILIARES-LEYES-PERSPECTIVA
653 ## - INDEX TERM--UNCONTROLLED
Uncontrolled term CODIGOS PROCESALES-FAMILIA
653 ## - INDEX TERM--UNCONTROLLED
Uncontrolled term PROCESOS FAMILIARES-CIDH
653 ## - INDEX TERM--UNCONTROLLED
Uncontrolled term PROCESOS FAMILIARES-COMPETENCIA
653 ## - INDEX TERM--UNCONTROLLED
Uncontrolled term CONFLICTO FAMILIAR-MEDIACION
653 ## - INDEX TERM--UNCONTROLLED
Uncontrolled term MODO ALTERNATIVO DE RESOLUCION
653 ## - INDEX TERM--UNCONTROLLED
Uncontrolled term MEDIDAS CAUTELARES
653 ## - INDEX TERM--UNCONTROLLED
Uncontrolled term PRUEBA-PRINCIPIOS
653 ## - INDEX TERM--UNCONTROLLED
Uncontrolled term PRUEBA ELECTRONICA
653 ## - INDEX TERM--UNCONTROLLED
Uncontrolled term RECURSOS
653 ## - INDEX TERM--UNCONTROLLED
Uncontrolled term COSTAS
653 ## - INDEX TERM--UNCONTROLLED
Uncontrolled term NNA-PARTICIPACION
653 ## - INDEX TERM--UNCONTROLLED
Uncontrolled term ORALIDAD
653 ## - INDEX TERM--UNCONTROLLED
Uncontrolled term DERECHO A SER OIDO-NNA
653 ## - INDEX TERM--UNCONTROLLED
Uncontrolled term CONFLICTO-PENAL
653 ## - INDEX TERM--UNCONTROLLED
Uncontrolled term SOLIDARIDAD
653 ## - INDEX TERM--UNCONTROLLED
Uncontrolled term FILIACION
653 ## - INDEX TERM--UNCONTROLLED
Uncontrolled term ADOPCION
653 ## - INDEX TERM--UNCONTROLLED
Uncontrolled term RESPONSABILIDAD PARENTAL
700 #0 - ADDED ENTRY--PERSONAL NAME
9 (RLIN) 3
Personal name Seltzer, Martin E.
Relator term dir.
856 ## - ELECTRONIC LOCATION AND ACCESS
Uniform Resource Identifier <a href="https://drive.google.com/file/d/11YniMWL_iSZcTAQM8f0VbGixHU0nLkns/view?usp=sharing">https://drive.google.com/file/d/11YniMWL_iSZcTAQM8f0VbGixHU0nLkns/view?usp=sharing</a>
942 ## - ADDED ENTRY ELEMENTS (KOHA)
Source of classification or shelving scheme Dewey Decimal Classification
Koha item type Book
Suppress in OPAC No
Existencias
Withdrawn status Lost status Source of classification or shelving scheme Damaged status Not for loan Home library Current library Date acquired Source of acquisition Total Checkouts Full call number Barcode Date last seen Price effective from Koha item type
    Dewey Decimal Classification     PJCB PJCB 04/07/2026 Compra   347.61 G897 I 8143 04/07/2026 04/07/2026 Book
-->
  •  poder judicial

    Con tecnología Koha